|
|
|
|
| LEADER |
00993nam a2200265 a 4500 |
| 001 |
16000288 |
| 008 |
120712s2010 inu 001 0 eng d |
| 010 |
|
|
|a 2009942323
|
| 020 |
|
|
|a 9780470546642 (pbk. : alk. paper)
|
| 020 |
|
|
|a 0470546646 (pbk. : alk. paper)
|
| 040 |
|
|
|a DLC
|c DLC
|d BD-DhAAL
|
| 082 |
0 |
0 |
|a 428.007
|2 22
|
| 100 |
1 |
|
|a Woods, Geraldine.
|
| 245 |
1 |
0 |
|a English grammar for dummies /
|c by Geraldine Woods.
|
| 250 |
|
|
|a 2nd ed.
|
| 260 |
|
|
|a Indianapolis, IN :
|b Wiley Pub.,
|c c2010.
|
| 300 |
|
|
|a xvi, 368 p. :
|b ill. ;
|c 24 cm.
|
| 490 |
0 |
|
|a For dummies
|
| 500 |
|
|
|a Includes index.
|
| 541 |
|
|
|a 00025575
|
| 650 |
|
0 |
|a English language
|x Grammar.
|
| 650 |
|
0 |
|a English language
|x Grammar
|v Problems, exercises, etc.
|
| 852 |
1 |
|
|a Ayesha Abed Library
|j General shelf
|
| 999 |
|
|
|c 12561
|d 12561
|
| 952 |
|
|
|0 0
|1 0
|4 0
|6 428_007000000000000_WOO
|7 0
|9 20727
|a BRACUL
|b BRACUL
|c GEN
|d 2012-07-12
|e Amazon.com
|g 12.03
|l 12
|m 134
|o 428.007 WOO
|p 3010025575
|q 2026-06-02
|r 2026-05-11
|s 2026-05-11
|t 1
|w 2012-07-16
|y BK
|